El antiguo régimen: los reyes católicos y los Austrias
Spremljeno u:
| Glavni autor: | |
|---|---|
| Format: | Knjiga |
| Jezik: | španjolski |
| Izdano: |
Madrid, España
Alianza
1980
|
| Izdanje: | Séptima edición |
| Serija: | Historia de España Alfaguara,
3 |
| Teme: | |
| Oznake: |
Dodaj oznaku
Bez oznaka, Budi prvi tko označuje ovaj zapis!
|
MARC
| LEADER | 00000nam a2200000 a 4500 | ||
|---|---|---|---|
| 001 | UCO0898 | ||
| 003 | CL-VaPUC | ||
| 005 | 20200416100344.0 | ||
| 008 | 000428e19800000SP |||||||||||||||||spa|d | ||
| 999 | |c 287537 |d 287535 | ||
| 040 | |c Pontificia Universidad Católica de Valparaíso | ||
| 082 | 0 | 4 | |a 946 DOM 1980 |2 21 |
| 100 | 0 | |a Domínguez Ortiz, Antonio |e author |9 442509 | |
| 245 | 1 | 3 | |a El antiguo régimen: |b los reyes católicos y los Austrias |
| 250 | |a Séptima edición | ||
| 260 | |a Madrid, España |b Alianza |c 1980 | ||
| 300 | |a 492 páginas | ||
| 490 | 0 | |a Historia de España Alfaguara, |v 3 | |
| 583 | |a last modification |c 20000428 00:00:00 |k Rodrigo Vera | ||
| 600 | 0 | 7 | |a AUSTRIAS |2 CL-VaPUC |9 442510 |
| 600 | 0 | 7 | |a ISABEL LA CATOLICA |2 CL-VaPUC |9 255280 |z ESPAÑA |
| 600 | 0 | 7 | |a CARLOS V |2 CL-VaPUC |9 349626 |z ESPAÑA |
| 600 | 0 | 7 | |a FELIPE II |2 CL-VaPUC |9 314006 |z ESPAÑA |
| 650 | 7 | |a HISTORIA DE ESPAÑA |2 CL-VaPUC |9 442511 |y SIGLOS 15-17 | |
| 650 | 7 | |a REYES CATOLICOS |2 CL-VaPUC |9 420971 |z ESPAÑA | |
| 650 | 7 | |a EXPANSION EUROPEA |2 CL-VaPUC |9 440588 | |
| 852 | |a BIBCUR | ||
| 942 | |c BK |2 ddc | ||
| 945 | |d 20000428 00:00:00 |a rherrera | ||
| 952 | |0 0 |1 0 |2 ddc |4 0 |6 946_000000000000000_DOM_1980 |7 0 |8 A |9 334441 |a BIBHIS |b BIBHIS |d 2019-11-20 |i 1267809 |o 946 DOM 1980 |p 1267809 |r 2025-01-20 |t 1 |w 2019-11-20 |y BK |k HIS | ||